000 00649nam a22002537a 4500
003 UA-OsUOA
001 29714
007 ta
008 20041025b un ||||| |||| 00| 0 ukr d
100 _aКуделя Микола
090 _a82-94
_bК88
942 _cBK
040 _aUA-OsUOA
_bukr
_cUA-OsUOA
_dUA-OsUOA
245 _aКобзар у моєму житті
_bАвтобіографічний нарис
300 _a144 с.
_bІлюстрації
955 _a0
041 _aukr
080 _a82-94
020 _a966-95313-0-6
260 _aЛуцьк
_bІНІЦІАЛ
_c1998
044 _aUA
650 7 _2UDC
999 _c316111
_d316111